000 00874nam a2200253 i 4500
003 DO-SdBNP
005 20240828105000.0
007 ta
008 240828b1994 sp a|||| |||| 00| 0 spa d
020 _a8479270942
040 _aDO-SdBNP
_bspa
_cBNPHU
_erda
082 4 _222
100 _aHadley, Josie
_eautor
_986457
245 1 0 _aHipnosis camino para el cambio /
_cJosie Hadley, Carlos Staudacher ; traducción, Delia Mateovich
264 4 _aBarcelo:
_bEdiciones Robinbook, SL.,
_c@1994.
300 _a252 páginas :
_bilustraciones ;
_c24 cm.
336 _2rdacontent
_atexto
_btxt
337 _2rdamedia
_asin mediación
_bn
338 _2rdacarrier
_avolumen
_bnc
500 _aNuevas técnicas para cambiar malos hábitos, resolver problemas emocionales y psicológicos y mejorar su vida
590 _aInventariado, 2024/BT
910 _aBtavárez
942 _2ddc
_cLBS1
999 _c57570
_d57570